Statistiques concernant Les Français dans les films James Bond

Cliquez ici pour prendre le quiz!

Statistiques générales

  • Ce quiz a été pris 228 fois
  • Le résultat moyen est 5 sur 13

Statistiques - réponses

FilmPersonnageRéponse% Correct
Le monde ne suffit pas (1999)Elektra KingSophie Marceau
86%
Casino Royale (2006)Vesper LyndEva Green
78%
Spectre (2015) et Mourir peut attendre (2021)Madeleine SwannLéa Seydoux
69%
Rien que pour vos yeux (1981)Melina HavelockCarole Bouquet
66%
Quantum of Solace (2009)Dominic GreeneMathieu Amalric
48%
Moonraker (1979)Sir Hugo DraxMichael Lonsdale
39%
Opération Tonnerre (1965)Dominique "Domino" DervalClaudine Auger
23%
Quantum of Solace (2009)Camille Rivera MontesOlga Kurylenko
21%
Skyfall (2012)SéverineBérénice Marlohe
19%
GoldenEye (1995)Dimitri MishkinTchéky Karyo
19%
Octopussy (1983)Kamal KhanLouis Jourdan
16%
L'homme au pistolet d'or (1974)Tric-TracHervé Villechaize
15%
Casino Royale (2006)Alex DimitriosSimon Abkarian
13%

Distribution des résultats

Percentile par nombre de réponses

% des personnes avec chaque résultat

Votre développement - résultats

Vous n’avez pas pris ce quiz